000 00579nam a2200157Ia 4500
003 GCL
008 140319s9999 xx 000 0 ara d
040 _aGCL /
_cGCL
082 0 4 _aق
_b962.06
_bف ت
100 1 _aفادية سراج الدين
245 1 0 _aالتحرر الوطنى : القضية المصرية فى المرحلة الاخيرة 1950 - 1954 /
_cفادية سراج الدين
300 _a293 ص
490 _aالهيئة العامة للاستعلامات
_v0
650 0 4 _aمصر - تاريخ - العصر الحديث (1805 - 1956 )
942 _2ddc
_cBK
999 _c48763
_d48763